|
|
|
|
| LEADER |
01717nam a2200349 i 4500 |
| 001 |
37603 |
| 003 |
BD-DhAAL |
| 005 |
20211223140726.0 |
| 008 |
211223t2014 mau b 001 0 eng |
| 999 |
|
|
|c 43374
|d 43374
|
| 010 |
|
|
|a 2014008325
|
| 020 |
|
|
|a 9780674368293 (hardcover : alk. paper)
|
| 020 |
|
|
|a 9780674659902
|
| 040 |
|
|
|a DLC
|b eng
|e rda
|c DLC
|d BD-DhAAL
|
| 042 |
|
|
|a pcc
|
| 050 |
0 |
0 |
|a HV6773.15.C92
|b C57 2014
|
| 082 |
0 |
0 |
|a 364.1502854678
|2 23
|
| 100 |
1 |
|
|a Citron, Danielle Keats,
|d 1968-
|e author.
|9 43631
|
| 245 |
1 |
0 |
|a Hate crimes in cyberspace /
|c Danielle Keats Citron.
|
| 260 |
|
|
|a Cambridge, Massachusetts ;
|a London, England :
|b Harvard University Press,
|c 2014.
|
| 300 |
|
|
|a 343 pages ;
|c 22 cm.
|
| 504 |
|
|
|a Includes bibliographical references (pages 257-328) and index.
|
| 505 |
0 |
|
|a Digital hate -- How the Internet's virtues fuel its vices -- The problem of social attitudes -- Civil rights movements, past and present -- What law can and should do now -- Updating the law to enhance the accountability of harassers -- Extending legal reform to site operators and employers -- "Don't break the Internet" and other free speech concerns -- Silicon valley, parents, and schools.
|
| 526 |
|
|
|a BIGD
|
| 541 |
|
|
|a BIGD from amazon.co.uk
|e 37603
|
| 650 |
|
0 |
|a Cyberbullying.
|9 43632
|
| 650 |
|
0 |
|a Cyberstalking.
|9 43633
|
| 650 |
|
0 |
|a Hate crimes.
|9 43634
|
| 650 |
|
0 |
|a Computer crimes.
|9 43635
|
| 852 |
|
|
|a Ayesha Abed Library
|c General Stacks
|
| 942 |
|
|
|2 ddc
|c BK
|
| 952 |
|
|
|0 0
|1 0
|2 ddc
|4 0
|6 364_150285467800000_CIT
|7 0
|9 69590
|a IGS
|b IGS
|c GEN
|d 2021-12-23
|e BIGD from amazon.co.uk
|g 2726.65
|l 0
|o 364.1502854678 CIT
|p 3010037603
|r 2021-12-23
|t 1
|v 2726.65
|w 2021-12-23
|y BK
|x Direct Purchase: BIGD from amazon.co.uk
|